Thuật viết đúng chính tả tiếng Pháp = Orthographe /

Thuật viết đúng chính tả thông thường; Thuật viết đúng chính tả thuộc về ngữ pháp...

Na minha lista:
Detalhes bibliográficos
Autor principal: Phạm Tuấn
Outros Autores: Trần Hữu Tâm.
Formato: Livro
Idioma:Vietnamese
French
Publicado em: Tp.HCM : Nxb Trẻ, 2002.
Edição:Tái bản lần 2.
Assuntos:
Tags: Adicionar Tag
Sem tags, seja o primeiro a adicionar uma tag!
Thư viện lưu trữ: Mạng thư viện Đại học Đà Nẵng
LEADER 01363nam a2200409 a 4500
001 000041561
003 18563
005 20241024151516.0
008 171030s2002
020 |c 25000 
040 |a LNN 
041 0 |a vie  |a fre 
082 0 |a 448.2  |b PH-T 
100 1 |a Phạm Tuấn 
245 1 0 |a Thuật viết đúng chính tả tiếng Pháp =  |b Orthographe /  |c Phạm Tuấn, Trần Hữu Tâm. 
246 3 1 |a Orthographe. 
250 |a Tái bản lần 2. 
260 |a Tp.HCM :  |b Nxb Trẻ,  |c 2002. 
300 |a 297 p. ;  |c 20 cm. 
520 3 |a Thuật viết đúng chính tả thông thường; Thuật viết đúng chính tả thuộc về ngữ pháp... 
630 0 4 |a Pháp ngữ. 
630 0 4 |a Francais. 
630 0 4 |a Chính tả. 
630 0 4 |a Orthographe. 
650 0 4 |a Pháp ngữ  |x Chính tả. 
650 0 4 |a Francais  |x Orthographe. 
700 1 |a Trần Hữu Tâm. 
OWN |a LNN 
AVA |a UDN50  |b LNN  |c English  |d 448.2 PH-T  |e available  |t Error 5001 Not defined in file expand_doc_bib_avail.  |f 10  |g 0  |h N  |i 2  |j AN 
999 |a From the UDN01 
AVA |a UDN50  |b LNN  |c English  |d 448.2 PH-T  |e available  |t Error 5001 Not defined in file expand_doc_bib_avail.  |f 10  |g 0  |h N  |i 2  |j AN 
TYP |a Monograph 
TYP |a Printed language 
980 |a Mạng thư viện Đại học Đà Nẵng